000 00416pam a2200157a 44500
008 230515b1999 xxu||||| |||| 00| 0 eng d
020 _a1-8573208345
041 _aENG
082 _a700.92
100 _aED. CALLOWAY STEPHEN.
245 _a"THE ELEMENTS OF STYLE, AN ENCYCLOPEDIA OF DOMESTIC ARCHITECTURAL DETAIL, N. EDITION ."
250 _a0
260 _aNULL
_bNULL
_c1999
300 _a568
650 _aNULL
999 _c475730
_d475730